| 000 | 00508nam a2200181 4500 | ||
|---|---|---|---|
| 001 | 5141 | ||
| 005 | 20181127174855.0 | ||
| 020 | 0 | 0 | _a9780749002893 |
| 090 | 0 | 0 | _a808.1 C5421c 1997 |
| 100 | 0 | 0 | _aChisholm, Alison. |
| 245 | 0 | 0 |
_aThe craft of writing poetry / _b _cAlison Chisholm. _h |
| 260 | 0 | 0 |
_aLondon : _bAllison & Busby, _c1997. |
| 300 | 0 | 0 | _a121 p. ; 25 cm. |
| 650 | 0 | 0 |
_aCreation (Literary, artistic, etc.) _x |
| 650 | 0 | 0 |
_aPoetics. _x |
| 650 | 0 | 0 |
_aPoetry--Authorship. _x |
| 999 |
_c4306 _d4306 |
||